A pampa trágica (Record no. 45813)

MARC details
000 -Etiqueta do registo
Valores 00524cam a22001931 4500
100 ## - Dados gerais de processamento
Dados gerais 19931217d1944 m y0pory5003 ba
101 1# - Língua de publicação
Língua por
102 ## - País de publicação
País PT
200 1# - Titulo e menção de responsabilidade
Título próprio A pampa trágica
Primeira menção de responsabilidade Albert Bonneau
Outras menções de responsabilidade trad. A. Vieira d' Areia
210 #9 - Publicação
Local de publicação Lisboa
Nome do editor José Rodrigues Júnior,
Data de publicação 1944
215 ## - Descrição física 
Paginação / Volumes 287 p.
Dimensões 19 cm
225 2# - Colecção 
Título próprio da colecção Aventuras e viagens
Indicação de volume 5
675 ## - CDU
Notação 821.133.1-31
700 #1 - Autor principal
Apelido Voussac,
Nome Jean,
702 #1 - Autor secundário
Apelido Areia,
Nome A. Vieira de,
Datas 1902-1967?
Função 730
801 #0 - Fonte de origem
País PT
Agência BN
Regras de catalogação RPC
990 ## - Elementos KOHA
Tipo de documento Livro
Holdings
Aquisição Empréstimo Código de barras Cota Permissão de empréstimo Tipo de documento
Biblioteca Municipal de Redondo Biblioteca Municipal de Redondo 057046 821.133.1-3 BON   Livro

Powered by Koha